[Event "Portoroz op 10th"]
[Site "Portoroz"]
[Date "2016.07.29"]
[Round "8"]
[White "Bogdanovski, Zoran"]
[Black "Petauer, Ana Marija"]
[Result "1-0"]
[WhiteElo "1810"]
[BlackElo "1492"]
[PlyCount "97"]
[EventDate "2016.07.23"]
[EventType "swiss"]
[EventRounds "9"]
[EventCountry "SLO"]
[SourceTitle "CBM 173 Extra"]
[Source "ChessBase"]
[SourceDate "2016.08.29"]
[SourceVersion "1"]
[SourceVersionDate "2016.08.29"]
[SourceQuality "1"]

1. e4 e5 2. f4 d5 3. exd5 exf4 4. Nf3 Nf6 5. Bc4 Bd6 6. Qe2+ Qe7 7. Nc3 Qxe2+ 8. Nxe2 h6 9. d4 g5 10. Ne5 Nbd7 11. Nxd7 Bxd7 12. 0-0 0-0-0 13. Bb3 Bf5 14. Nc3 Bb4 15. Bxf4 Bxc3 16. bxc3 gxf4 17. Rxf4 Bxc2 18. Rxf6 Bxb3 19. axb3 Rxd5 20. Rxa7 Kb8 21. Ra1 Rd7 22. Raf1 Rh7 23. Kf2 Re7 24. Re1 Rxe1 25. Kxe1 Kc8 26. Kd2 Kd7 27. Kd3 Ke7 28. Rf4 b5 29. d5 Kd6 30. Kd4 Rg7 31. g3 h5 32. Rf6+ Ke7 33. Rc6 Kd7 34. Rh6 Rg5 35. Kc5 Rf5 36. b4 Re5 37. Rf6 Ke7 38. Rf3 Rg5 39. Kc6 Re5 40. Rd3 Kd8 41. Kxb5 Kd7 42. Kc5 f6 43. Kd4 Kd6 44. c4 c6 45. Rf3 Re1 46. Rxf6+ Kc7 47. Rxc6+ Kd7 48. Rh6 Rd1+ 49. Kc5 1-0

[Event "Portoroz op 10th"]
[Site "Portoroz"]
[Date "2016.07.23"]
[Round "1"]
[White "De Francesco, Klaus"]
[Black "Bogdanovski, Zoran"]
[Result "1-0"]
[WhiteElo "2265"]
[BlackElo "1810"]
[PlyCount "67"]
[EventDate "2016.07.23"]
[EventType "swiss"]
[EventRounds "9"]
[EventCountry "SLO"]
[SourceTitle "CBM 173 Extra"]
[Source "ChessBase"]
[SourceDate "2016.08.29"]
[SourceVersion "1"]
[SourceVersionDate "2016.08.29"]
[SourceQuality "1"]

1. d4 d5 2. c4 c6 3. Nf3 Nf6 4. Nc3 h6 5. Bf4 e6 6. e3 Nbd7 7. h3 Qa5 8. a3 Ne4 9. Qc1 dxc4 10. Bxc4 Nb6 11. Bc7 Nxc3 12. bxc3 Qf5 13. Be2 Nd5 14. Bh2 Qg6 15. 0-0 Be7 16. Ne5 Qg5 17. c4 Nb6 18. f4 Qh4 19. e4 Nd7 20. Nf3 Qh5 21. Qe3 Qa5 22. e5 f5 23. exf6 Nxf6 24. Ne5 0-0 25. Ng6 Re8 26. Nxe7+ Rxe7 27. Bg3 Rf7 28. Bd3 Qh5 29. Rae1 b5 30. Qc1 Bd7 31. Re5 g5 32. fxg5 Nh7 33. Rxf7 Qxf7 34. g6 1-0

[Event "Lucija op 3rd"]
[Site "Lucija"]
[Date "2011.08.15"]
[Round "4"]
[White "Ivanovic, Andrej"]
[Black "Bogdanovski, Zoran"]
[Result "1-0"]
[WhiteElo "2001"]
[BlackElo "1670"]
[PlyCount "51"]
[EventDate "2011.08.14"]
[EventType "swiss"]
[EventRounds "9"]
[EventCountry "SLO"]
[SourceTitle "EXT 2012"]
[Source "ChessBase"]
[SourceDate "2011.11.24"]
[SourceVersion "1"]
[SourceVersionDate "2011.11.24"]
[SourceQuality "1"]

1. d4 Nf6 2. Bf4 g6 3. e3 e6 4. Nf3 Bg7 5. Be2 d5 6. Nbd2 Nbd7 7. h3 0-0 8. 0-0 c5 9. c3 Re8 10. Bh2 b6 11. a4 a5 12. Re1 Ne4 13. Nxe4 dxe4 14. Nd2 Bb7 15. Nc4 Bc6 16. Qc2 e5 17. dxe5 Bxe5 18. Nxe5 Nxe5 19. Red1 Qg5 20. Bf1 Qe7 21. c4 Rad8 22. Rxd8 Rxd8 23. Rd1 Rxd1 24. Qxd1 Nd3 25. Bxd3 Bxa4 26. Bc2 1-0

[Event "Lucija op 3rd"]
[Site "Lucija"]
[Date "2011.08.14"]
[Round "2"]
[White "Bogdanovski, Zoran"]
[Black "Pregarac, Valter"]
[Result "0-1"]
[WhiteElo "1670"]
[BlackElo "2105"]
[PlyCount "150"]
[EventDate "2011.08.14"]
[EventType "swiss"]
[EventRounds "9"]
[EventCountry "SLO"]
[SourceTitle "EXT 2012"]
[Source "ChessBase"]
[SourceDate "2011.11.24"]
[SourceVersion "1"]
[SourceVersionDate "2011.11.24"]
[SourceQuality "1"]

1. e4 c5 2. Nf3 e6 3. Nc3 Nc6 4. d4 cxd4 5. Nxd4 Qc7 6. Ndb5 Qb8 7. a3 Nf6 8. Bg5 Bc5 9. b4 Be7 10. Bh4 a6 11. Bxf6 Bxf6 12. Nd6+ Kf8 13. Na4 Bxa1 14. Nxc8 Qe5 15. Nc5 Bc3+ 16. Ke2 Nd4+ 17. Kd3 Ke8 18. Nb6 Rd8 19. Nc4 Qc7 20. Kxc3 Nb5+ 21. Kb3 d6 22. Na4 Ke7 23. Ncb6 Nc3 24. Nd5+ Nxd5 25. exd5 Rc8 26. Qd2 Rhe8 27. dxe6 fxe6 28. Bd3 h6 29. Re1 Rf8 30. Nc3 Kd7 31. f3 Qc6 32. Ne4 Qd5+ 33. c4 Qc6 34. Rd1 Ke7 35. Qc3 Rf7 36. Re1 b6 37. a4 Kf8 38. h4 Rfc7 39. Rc1 Qd7 40. Ka3 d5 41. Nd2 dxc4 42. Be4 Rd8 43. Rc2 b5 44. a5 Qe7 45. Nf1 Qxh4 46. Qe5 Qe7 47. Ne3 Rcd7 48. Bg6 Qf6 49. Qxf6+ gxf6 50. Kb2 f5 51. g4 Rd3 52. Ng2 Rxf3 53. gxf5 exf5 54. Nh4 Rb3+ 55. Kc1 f4 56. Rf2 Kg7 57. Bc2 Rxb4 58. Rxf4 Rf8 59. Rg4+ Kf7 60. Kd1 Rd8+ 61. Kc1 Rd6 62. Nf5 Rg6 63. Rxg6 Kxg6 64. Ne7+ Kg5 65. Nd5 Ra4 66. Bxa4 bxa4 67. Kd2 h5 68. Ke2 a3 69. Nc3 Kf4 70. Kd1 h4 71. Ne2+ Ke3 72. Nc3 Kd3 73. Nd5 h3 74. Nf4+ Kc3 75. Ne2+ Kb2 0-1

[Event "Lucija op 3rd"]
[Site "Lucija"]
[Date "2011.08.14"]
[Round "1"]
[White "Vidic, Miha"]
[Black "Bogdanovski, Zoran"]
[Result "0-1"]
[WhiteElo "2052"]
[BlackElo "1670"]
[PlyCount "130"]
[EventDate "2011.08.14"]
[EventType "swiss"]
[EventRounds "9"]
[EventCountry "SLO"]
[SourceTitle "EXT 2012"]
[Source "ChessBase"]
[SourceDate "2011.11.24"]
[SourceVersion "1"]
[SourceVersionDate "2011.11.24"]
[SourceQuality "1"]

1. Nf3 g6 2. c4 c5 3. d4 cxd4 4. Nxd4 Bg7 5. e4 Nc6 6. Be3 Qa5+ 7. Nc3 e6 8. Ndb5 Nge7 9. Nd6+ Kf8 10. Qd2 Bxc3 11. bxc3 Kg7 12. Be2 Rd8 13. 0-0 b6 14. f4 f5 15. Bd3 Ba6 16. Rae1 Nc8 17. Nxc8 Raxc8 18. exf5 exf5 19. c5 d5 20. Bxa6 Qxa6 21. Bd4+ Kf7 22. Qf2 Nxd4 23. cxd4 Re8 24. Qh4 h5 25. Rxe8 Rxe8 26. cxb6 Qxb6 27. Qf2 Re4 28. Rd1 Qb5 29. Qc2 Qe2 30. Qb3 Qc4 31. Qxc4 dxc4 32. g3 Re2 33. Rc1 Ke6 34. Rxc4 Rxa2 35. Rc6+ Kd5 36. Rxg6 Kxd4 37. Rg5 Ke4 38. Rxh5 Kf3 39. h4 Kxg3 40. Rg5+ Kxf4 41. Rg7 Ke5 42. h5 Ra4 43. Kf2 Rh4 44. Rxa7 Rxh5 45. Ra4 Rh3 46. Kg2 Rb3 47. Kf2 Kf6 48. Ra6+ Kg5 49. Ra5 Kg4 50. Ra4+ f4 51. Ra7 Rb2+ 52. Ke1 Kg3 53. Rg7+ Kf3 54. Ra7 Rb1+ 55. Kd2 Kf2 56. Rf7 f3 57. Rf6 Rb8 58. Rd6 Kf1 59. Rd5 Rb3 60. Rg5 Rb8 61. Rd5 Rg8 62. Ke3 f2 63. Rd1+ Kg2 64. Rd2 Re8+ 65. Kf4 Kg1 0-1

[Event "Lucija 2nd"]
[Site "Lucija"]
[Date "2010.08.22"]
[Round "6"]
[White "Bogdanovski, Zoran"]
[Black "Matijevic, Filip"]
[Result "0-1"]
[WhiteElo "1659"]
[BlackElo "1833"]
[PlyCount "64"]
[EventDate "2010.08.17"]
[EventType "swiss"]
[EventRounds "7"]
[EventCountry "SLO"]
[SourceTitle "CBM 138 Extra"]
[Source "ChessBase"]
[SourceDate "2010.10.29"]
[SourceVersion "1"]
[SourceVersionDate "2010.10.29"]
[SourceQuality "1"]

1. e4 e5 2. Nf3 Nc6 3. Bb5 a6 4. Ba4 Nf6 5. d3 b5 6. Bb3 Bc5 7. a4 Rb8 8. Nc3 d6 9. h3 h6 10. Be3 Bxe3 11. fxe3 0-0 12. 0-0 Ne7 13. d4 exd4 14. exd4 b4 15. e5 Nf5 16. Qe1 bxc3 17. exf6 cxb2 18. fxg7 Re8 19. Qxe8+ Qxe8 20. Rae1 Be6 21. d5 Nxg7 22. dxe6 Nxe6 23. Nd4 b1Q 24. Rxb1 d5 25. Nxe6 Qxe6 26. Bxd5 Qe3+ 27. Kh1 Rxb1 28. Rxb1 Qd2 29. Bb3 Qe2 30. Kg1 c5 31. Rf1 c4 32. Rf2 Qe1+ 0-1

[Event "Lucija 2nd"]
[Site "Lucija"]
[Date "2010.08.17"]
[Round "2"]
[White "Lovric, Branko"]
[Black "Bogdanovski, Zoran"]
[Result "1-0"]
[WhiteElo "2410"]
[BlackElo "1659"]
[PlyCount "65"]
[EventDate "2010.08.17"]
[EventType "swiss"]
[EventRounds "7"]
[EventCountry "SLO"]
[SourceTitle "CBM 138 Extra"]
[Source "ChessBase"]
[SourceDate "2010.10.29"]
[SourceVersion "1"]
[SourceVersionDate "2010.10.29"]
[SourceQuality "1"]

1. b3 e5 2. Bb2 Nc6 3. e3 g6 4. c4 Bg7 5. d4 exd4 6. Nf3 d5 7. c5 a6 8. Nxd4 Nxd4 9. Bxd4 Bxd4 10. Qxd4 Qf6 11. Nc3 c6 12. Bd3 Qxd4 13. exd4 Nf6 14. f3 0-0 15. g4 Be6 16. Kd2 Nd7 17. Rae1 Rae8 18. Ne2 f6 19. h4 Rf7 20. h5 g5 21. Ng3 Rfe7 22. Re2 h6 23. Rhe1 Kf8 24. Kc3 f5 25. Bxf5 Bxf5 26. Rxe7 Rxe7 27. Rxe7 Kxe7 28. Nxf5+ Kf6 29. Kb4 a5+ 30. Kxa5 Ne5 31. dxe5+ Kxe5 32. Nxh6 d4 33. Kb4 1-0